La fiesta del chivo (Registro nro. 6817)
[ vista simple ]
| 000 -CABECERA | |
|---|---|
| Longitud fija campo de control | 01966nam a2200301Ia 4500 |
| 005 - • FECHA Y HORA DE LA ÚLTIMA TRANSACCIÓN | |
| Fecha y hora de la última transacción | 20220317001403.0 |
| 008 - • CÓDIGOS DE INFORMACIÓN DE LONGITUD FIJA | |
| Códigos de información de longitud fija | 161108s2010 ck g 000 0 spa |
| 020 ## - • NÚMERO INTERNACIONAL NORMALIZADO PARA LIBROS | |
| Número Internacional Normalizado para Libros (ISBN) | 9789587580440 |
| 040 ## - FUENTE DE LA CATALOGACIÓN | |
| Centro catalogador de origen | CO-BoRNBP |
| Lengua de catalogación | spa |
| Normas de descripción | rda |
| Centro transcriptor | CO-BoRNBP |
| 084 ## - • Clasificación Local Alfanúmerica PNLB | |
| Número de clasificación | N VAR1 |
| 100 1# - • PUNTO DE ACCESO PRINCIPAL-NOMBRE DE PERSONA | |
| Nombre de persona | Vargas Llosa, Mario |
| Fechas asociadas al nombre | 1936- |
| 245 13 - • TITULO PROPIAMENTE DICHO | |
| Título | La fiesta del chivo |
| Mención de responsabilidad, etc. | Mario Vargas Llosa |
| 250 ## - • MENCIÓN DE EDICIÓN | |
| Mención de edición | 1a. edición |
| Resto de la mención de edición | 1a reimpresión |
| 264 ## - PRODUCCIÓN, PUBLICACIÓN , DISTRIBUCIÓN, FABRICACIÓN Y COPYRIGHT | |
| Lugar de producción, publicación, distribución, fabricación | Bogotá |
| Nombre del productor, editor, distribuidor, fabricante | Alfaguara |
| Fecha de de producción, publicación, distribución, fabricación o copyright | 2010 |
| 300 ## - • DESCRIPCIÓN FÍSICA | |
| Extensión | 518 páginas |
| Dimensiones | 22 cm |
| 336 ## - TIPO DE CONTENIDO | |
| Término de tipo de contenido | texto |
| Código de tipo de contenido | txt |
| Fuente | rdacontent |
| 337 ## - TIPO DE MEDIO | |
| Nombre del tipo de medio | sin mediación |
| Código del tipo de medio | n |
| Fuente | rdamedia |
| 338 ## - TIPO DE SOPORTE | |
| Nombre del tipo de soporte | volumen |
| Código del tipo de soporte | nc |
| Fuente | rdacarrier |
| 520 ## - • NOTA DE RESUMEN | |
| Resumen, etc, | ¿Por qué regresa Urania Cabral a la isla que juró no volver a pisar? ¿Por qué sigue vacía y llena de miedo desde los catorce años? ¿Por qué no ha tenido un solo amor? En La Fiesta del Chivo asistimos a un doble retorno. Mientras Urania visita a su padre en Santo Domingo, volvemos a 1961, cuando la capital dominicana aún se llamaba Ciudad Trujillo. Allí un hombre que no suda tiraniza a tres millones de personas sin saber que se gesta una maquiavélica transición a la democracia. Vargas Llosa, un clásico contemporáneo, relata el fin de una era dando voz, entre otros personajes históricos, al impecable e implacable general Trujillo, apodado el Chivo, y al sosegado y hábil doctor Balaguer (sempiterno presidente de la República Dominicana). Con un ritmo y una precisión difícilmente superables, este peruano universal muestra que la política puede consistir en abrirse camino entre cadáveres, y que un ser inocente puede convertirse en un regalo truculento |
| 521 ## - • NOTA DE PÚBLICO DESTINATARIO | |
| Nota público destinatario (R ) | Recomendado para adultos |
| 586 ## - • NOTA DE PREMIOS | |
| Nota de premios | Premio Internacional de Literatura Rómulo Gallego, 1967 |
| 650 14 - • PUNTO DE ACCESO ADICIONAL DE MATERIA - TÉRMINO DE MATERIA | |
| Fuente del encabezamiento o término | LEMB |
| Término de materia o nombre geográfico como elemento inicial | Novela peruana |
| Subdivisión cronológica | Siglo XX |
| 650 14 - • PUNTO DE ACCESO ADICIONAL DE MATERIA - TÉRMINO DE MATERIA | |
| Fuente del encabezamiento o término | LEMB |
| Término de materia o nombre geográfico como elemento inicial | Literatura peruana |
| Subdivisión cronológica | Siglo XX |
| 650 14 - • PUNTO DE ACCESO ADICIONAL DE MATERIA - TÉRMINO DE MATERIA | |
| Fuente del encabezamiento o término | LEMB |
| Término de materia o nombre geográfico como elemento inicial | Diablo en la literatura |
| 650 14 - • PUNTO DE ACCESO ADICIONAL DE MATERIA - TÉRMINO DE MATERIA | |
| Fuente del encabezamiento o término | LEMB |
| Término de materia o nombre geográfico como elemento inicial | Política en la literatura |
| 650 14 - • PUNTO DE ACCESO ADICIONAL DE MATERIA - TÉRMINO DE MATERIA | |
| Fuente del encabezamiento o término | LEMB |
| Término de materia o nombre geográfico como elemento inicial | Dictadores en la literatura |
| 942 ## - ENTRADA DE ELEMENTOS AGREGADOS (KOHA) | |
| Fuente de clasificaión o esquema | |
| Koha [por defecto] tipo de item | Libro Literatura |
No hay ítems disponibles.